[Event "Corsica Masters 2011"]
[Site "Bastia FRA"]
[Date "2011.10.27"]
[Round "8.6"]
[White "Fressinet, Laurent"]
[Black "Mullon, Jean-Baptiste"]
[Result "1/2-1/2"]
[WhiteTitle "GM"]
[BlackTitle "IM"]
[WhiteElo "2696"]
[BlackElo "2379"]
[WhiteFideId "608742"]
[BlackFideId "613606"]
[EventDate "2011.10.22"]

1. d4 Nf6 2. Nf3 e6 3. g3 b6 4. Bg2 Bb7 5. c4 Be7 6. Nc3 Ne4 7. Bd2 Nxc3 8. Bxc3
Be4 9. O-O O-O 10. Ne5 Bxg2 11. Kxg2 d6 12. Nf3 d5 13. Qd3 c6 14. e4 Qc8 15.
Rfe1 Rd8 16. h4 dxc4 17. Qxc4 Qa6 18. Qb3 Nd7 19. Qc2 Rac8 20. Rad1 Nf8 21. h5
h6 22. Ne5 Nd7 23. Nd3 Nf6 24. Nf4 Rd7 25. b4 Qc4 26. Qb3 Qxb3 27. axb3 Ne8 28.
Nd3 Nd6 29. Bb2 Nb5 30. Rc1 Bf6 31. e5 Be7 32. Rc4 Rcd8 33. Re4 Rd5 34. Kf1 Nc7
35. Rxc6 R8d7 36. Bc3 Rb5 37. Bd2 Nd5 38. Rc8+ Rd8 39. Rxd8+ Bxd8 40. Re1 Be7
41. Ra1 Bxb4 42. Nxb4 Nxb4 43. Bxb4 Rxb4 44. Rxa7 Rxd4 45. Ra8+ Kh7 46. Rf8 Re4
47. f4 Re3 48. Kf2 Rxb3 49. Rxf7 Rb2+ 50. Kf3 Rc2 51. Rb7 Rc3+ 52. Kg4 Rc6 53.
Rb8 b5 54. Kh4 b4 55. Rxb4 Kg8 56. Rb8+ Kf7 57. Rb7+ Kf8 58. Rd7 Rc4 59. Kg4 Ra4
60. Rd3 Kf7 61. Rb3 Rc4 62. Kf3 Rc7 63. g4 Rc4 64. g5 hxg5 65. fxg5 Rh4 66. g6+
Kf8 67. Rb8+ Ke7 68. Rb7+ Kf8 69. Rf7+ Kg8 70. Re7 Kf8 71. Rxe6 Rxh5 72. Ke4 Rh1
73. Kd5 Rd1+ 74. Kc6 Ra1 75. Kb7 Rc1 76. Kb6 Rc2 77. Kb5 Rc1 78. Rc6 Rb1+ 79.
Kc5 Ke7 80. Kd5 Rd1+ 81. Ke4 Re1+ 82. Kf4 Rf1+ 83. Kg3 Rg1+ 84. Kf3 Rf1+ 85. Ke2
Rf5 86. Rc7+ Ke6 1/2-1/2

[Event "Corsica Masters 2011"]
[Site "Bastia FRA"]
[Date "2011.10.27"]
[Round "8.8"]
[White "Durarbeyli, Vasif"]
[Black "Coleman, Teddy"]
[Result "1-0"]
[WhiteTitle "GM"]
[BlackTitle "FM"]
[WhiteElo "2526"]
[BlackElo "2312"]
[WhiteFideId "13402935"]
[BlackFideId "2022010"]
[EventDate "2011.10.22"]

1. e4 c5 2. Nf3 e6 3. d4 cxd4 4. Nxd4 a6 5. Bd3 Bc5 6. Nb3 Ba7 7. Qg4 Nf6 8. Qg3
d6 9. Nc3 Nc6 10. Bg5 h6 11. Bd2 e5 12. O-O-O Be6 13. Qxg7 Kd7 14. Be2 Bxf2 15.
Rhf1 Rh7 16. Qxh7 Nxh7 17. Rxf2 Nd4 18. Nxd4 exd4 19. Nd5 Rc8 20. Rdf1 f5 21.
Rxf5 Bxf5 22. Rxf5 Qg8 23. Nb6+ Kc7 24. Nxc8 Kxc8 25. Bd3 Qxg2 26. Bxh6 Qh1+ 27.
Rf1 Qxh2 28. Bf4 Qh4 29. Bxd6 Ng5 30. Be7 Qg3 31. Bxg5 Qxg5+ 32. Kb1 b5 33. a3
Kc7 34. Rf7+ Kb6 35. Rf5 Qg1+ 36. Ka2 Qg8+ 37. Rd5 Qg1 38. Kb3 Kc6 39. a4 bxa4+
40. Kxa4 a5 41. Kb3 Qg8 42. Ka2 Qf7 43. b3 Qa7 44. Rf5 Kd6 45. Ka3 Qc7 46. Rd5+
Ke7 47. Ka4 Qc3 48. Rxa5 Kd6 49. b4 Qa1+ 50. Kb5 Qc3 51. Ra6+ Kd7 52. e5 Ke7 53.
Rc6 Qa3 54. Ra6 Qc3 55. e6 Kf6 56. Rb6 Ke7 57. Rc6 Qb2 58. Bf5 Kf6 59. Be4 Qa2
60. Kb6 Ke7 61. b5 Qa4 62. Bd3 Kf6 63. Kb7 Ke7 64. b6 Qb4 65. Bc4 1-0

[Event "Corsica Masters 2011"]
[Site "Bastia FRA"]
[Date "2011.10.27"]
[Round "8.10"]
[White "Massoni, Michael"]
[Black "Bedouin, Xavier"]
[Result "1-0"]
[WhiteTitle "FM"]
[BlackTitle "IM"]
[WhiteElo "2304"]
[BlackElo "2406"]
[WhiteFideId "654213"]
[BlackFideId "617040"]
[EventDate "2011.10.22"]

1. e4 c5 2. Nf3 e6 3. d4 cxd4 4. Nxd4 Nf6 5. Nc3 d6 6. Be2 Be7 7. O-O Nc6 8. Be3
Bd7 9. Nb3 a6 10. f4 b5 11. Bf3 Rc8 12. Kh1 Qc7 13. Qe2 O-O 14. g4 Be8 15. g5
Nd7 16. Bg2 f5 17. exf5 Rxf5 18. Nd4 Nxd4 19. Bxd4 Nf8 20. Bh3 g6 21. Bxf5 gxf5
22. a3 Bc6+ 23. Kg1 Ba8 24. Kf2 Re8 25. Rad1 Bd8 26. Qd3 e5 27. Be3 Qf7 28. Nd5
Ne6 29. Kg1 exf4 30. Bxf4 Nc5 31. Qd4 Ne4 32. Qd3 Kh8 33. h3 Nxg5 34. Bxg5 Bxg5
35. Rxf5 Qg7 36. Kh2 Bxd5 37. Qxd5 Bf6 38. Rg1 Be5+ 39. Kh1 Qh6 40. Qf3 Bg7 1-0

[Event "Corsica Masters 2011"]
[Site "Bastia FRA"]
[Date "2011.10.28"]
[Round "9.3"]
[White "Grigoryan, Avetik"]
[Black "Arnold, Marc T"]
[Result "1/2-1/2"]
[WhiteTitle "GM"]
[BlackTitle "IM"]
[WhiteElo "2614"]
[BlackElo "2505"]
[WhiteFideId "13302191"]
[BlackFideId "2022320"]
[EventDate "2011.10.22"]

1. d4 Nf6 2. Nf3 d5 3. c4 e6 4. g3 Bb4+ 5. Bd2 Be7 6. Bg2 O-O 7. O-O c6 8. Qc2
b6 9. Rd1 Nbd7 10. Bf4 Bb7 11. Nc3 dxc4 12. Nd2 Nd5 13. Nxc4 Nxf4 14. gxf4 Qc7
15. e3 Rad8 16. a4 c5 17. d5 exd5 18. Nxd5 Bxd5 19. Rxd5 Nb8 20. Rad1 Nc6 21.
Rxd8 Rxd8 22. Rxd8+ Nxd8 23. Qf5 Nb7 24. Qd5 Nd6 25. Ne5 g6 26. b3 Kg7 27. Bh3
f6 28. Nc6 f5 29. Bg2 Bf6 30. Qe6 a6 31. Bd5 b5 32. a5 c4 33. bxc4 bxc4 34. Ne5
c3 35. Nd7 Qd8 36. Qxd6 c2 37. Qc6 Qxd7 38. Qc5 Be7 39. Qc4 Bd8 40. Qc3+ Bf6 41.
Qc6 Qxc6 42. Bxc6 Bc3 43. Bb7 Bxa5 44. Bxa6 Bc7 45. Kg2 Kf6 46. Bc4 Bb8 47. h3
Bc7 48. Kf3 Bb8 49. e4 fxe4+ 50. Kxe4 Ba7 51. f3 Bb8 52. Ba6 Bc7 53. Bc8 Bb8 54.
f5 gxf5+ 55. Bxf5 h6 56. f4 Bc7 57. Bc8 Kg7 58. Kf5 Bd8 59. Bb7 Bf6 60. Bc6 Bd8
61. Bb7 Bf6 62. Bc6 Be7 1/2-1/2

[Event "Corsica Masters 2011"]
[Site "Bastia FRA"]
[Date "2011.10.28"]
[Round "9.4"]
[White "Massoni, Michael"]
[Black "Durarbeyli, Vasif"]
[Result "1/2-1/2"]
[WhiteTitle "FM"]
[BlackTitle "GM"]
[WhiteElo "2304"]
[BlackElo "2526"]
[WhiteFideId "654213"]
[BlackFideId "13402935"]
[EventDate "2011.10.22"]

1. e4 c5 2. Nf3 d6 3. d4 cxd4 4. Nxd4 Nf6 5. Nc3 Nc6 6. Be2 e6 7. O-O Be7 8. Be3
O-O 9. f4 Qc7 10. Kh1 Nxd4 11. Qxd4 b6 12. Rad1 Bb7 13. Bf3 Rad8 14. f5 d5 15.
exd5 Nxd5 16. Nxd5 Bxd5 17. Bxd5 Rxd5 18. Qe4 Re5 19. Qf4 Qb8 20. fxe6 Rxe6 21.
Qxb8 Rxb8 22. Bd4 Re8 23. Rfe1 Bh4 24. Rxe6 Rxe6 25. g3 Bg5 26. Bc3 h5 27. Re1
Rc6 28. Re2 h4 29. Kg2 hxg3 30. hxg3 Kh7 31. Bd4 Kg6 32. b3 Rd6 33. Be5 Rd1 34.
c4 Rd7 35. b4 Be7 36. a3 a5 37. bxa5 bxa5 38. a4 Bb4 39. Rc2 Bc5 40. Bc3 Rd3 41.
Bxa5 Ra3 42. Be1 Rxa4 43. Bf2 Ra5 44. Bxc5 Rxc5 45. Kf3 Kf5 46. Ke3 Ke5 47. Kd3
Kd6 48. Ra2 Rg5 49. Ra6+ Ke7 50. Ra7+ Ke6 51. Ra6+ Ke7 52. Ra7+ Ke8 1/2-1/2

[Event "Corsica Masters 2011"]
[Site "Bastia FRA"]
[Date "2011.10.28"]
[Round "9.5"]
[White "Baron, Tal"]
[Black "Battaglini, Gabriel"]
[Result "1/2-1/2"]
[WhiteTitle "IM"]
[BlackTitle "IM"]
[WhiteElo "2505"]
[BlackElo "2452"]
[WhiteFideId "2809958"]
[BlackFideId "621650"]
[EventDate "2011.10.22"]

1. d4 d5 2. c4 c6 3. Nc3 e6 4. e4 dxe4 5. Nxe4 Bb4+ 6. Bd2 Qxd4 7. Bxb4 Qxe4+ 8.
Be2 Na6 9. Ba5 Bd7 10. Nf3 Nf6 11. Qd6 Qf5 12. Ne5 Qxf2+ 13. Kxf2 Ne4+ 14. Kf3
Nxd6 15. Rhd1 Ke7 16. Rd2 Be8 17. Rad1 Nf5 18. Rd8 Rxd8 19. Bxd8+ Kf8 20. g4 Nh6
21. Nd7+ Kg8 22. Nf6+ Kf8 23. Nd7+ Kg8 24. Kf4 f5 25. g5 Nf7 26. Be7 g6 27. h4
h6 28. gxh6 Nxh6 29. Bf6 Rh7 30. Ne5 Nf7 31. Nxg6 Nc5 32. Ne7+ Kf8 33. Ng6+ Kg8
34. b4 Ne4 35. Bb2 Nf2 36. Rd2 Ne4 37. Rd1 Nf2 38. Rd2 Ne4 39. Ne7+ Kf8 40. Ng6+
Kg8 41. Rd1 Nf2 42. Rd2 Ne4 1/2-1/2

[Event "Corsica Masters 2011"]
[Site "Bastia FRA"]
[Date "2011.10.28"]
[Round "9.6"]
[White "Giroyan, Gary"]
[Black "Mamedov, Rauf"]
[Result "0-1"]
[BlackTitle "GM"]
[WhiteElo "2318"]
[BlackElo "2660"]
[WhiteFideId "680281"]
[BlackFideId "13401653"]
[EventDate "2011.10.22"]

1. d4 Nf6 2. c4 c5 3. d5 g6 4. Nc3 Bg7 5. e4 d6 6. Nf3 O-O 7. Be2 e5 8. h3 Nh5
9. g4 Nf4 10. Bxf4 exf4 11. Qd2 Nd7 12. Qxf4 Ne5 13. Rg1 a6 14. Nd2 Rb8 15. Qg3
g5 16. Nf1 Ng6 17. Qe3 Bd4 18. Qd2 Qf6 19. Ne3 Re8 20. Nf5 Nf4 21. Kf1 Nxh3 22.
Rh1 Bxf5 23. Rxh3 Bg6 24. Rf3 Qe5 25. Bd3 h6 26. Rh3 Qf6 27. Re1 Kg7 28. Kg2 Rh8
29. Reh1 Rbe8 30. f3 Be5 31. a4 Rh7 32. Ne2 Bxb2 33. Rb1 Be5 34. Rxb7 h5 35. Rb1
hxg4 36. Rxh7+ Bxh7 37. fxg4 Bg6 38. Rf1 Qe7 39. Rh1 Rb8 40. Rh3 Rb2 41. Qd1 Bf6
42. Kf3 Qe5 43. Qh1 Bxe4+ 44. Bxe4 Rb3+ 45. Kf2 Rxh3 46. Qxh3 Qxe4 47. Ng3 Bd4+
48. Kf1 Qf3+ 0-1

[Event "Corsica Masters 2011"]
[Site "Bastia FRA"]
[Date "2011.10.28"]
[Round "9.7"]
[White "Judkovsky, Yair"]
[Black "Fressinet, Laurent"]
[Result "0-1"]
[BlackTitle "GM"]
[WhiteElo "2329"]
[BlackElo "2696"]
[WhiteFideId "2804930"]
[BlackFideId "608742"]
[EventDate "2011.10.22"]

1. e4 d6 2. d4 g6 3. Nf3 Bg7 4. c3 Nf6 5. Nbd2 O-O 6. Be2 c5 7. dxc5 dxc5 8. O-O
Nc6 9. Qc2 Qc7 10. Nc4 b6 11. Bg5 Bb7 12. Rad1 Nh5 13. Ne3 e6 14. Ng4 f6 15. Bc1
Kh8 16. Bc4 Rae8 17. Rfe1 Re7 18. Bf1 Nd8 19. Qd3 Nf7 20. h3 f5 21. exf5 gxf5
22. Ngh2 Bf6 23. Qe2 Rg8 24. Nd4 cxd4 25. Qxh5 Qc6 26. f3 dxc3 27. bxc3 Qxc3 28.
Kh1 Bd5 29. Bd3 Ne5 30. Re3 Qc5 31. Bf1 Reg7 32. Re2 Bc4 33. Red2 Bxf1 34. Nxf1
Nd3 35. Ba3 Nf2+ 36. Rxf2 Qxf2 37. g3 Rxg3 38. Nxg3 Qxg3 0-1

[Event "Corsica Masters 2011"]
[Site "Bastia FRA"]
[Date "2011.10.28"]
[Round "9.8"]
[White "Tregubov, Pavel V."]
[Black "Pesotskyi, Vitalii"]
[Result "1-0"]
[WhiteTitle "GM"]
[BlackTitle "IM"]
[WhiteElo "2602"]
[BlackElo "2268"]
[WhiteFideId "4115341"]
[BlackFideId "14101157"]
[EventDate "2011.10.22"]

1. d4 Nf6 2. c4 g6 3. g3 Bg7 4. Bg2 O-O 5. Nc3 d6 6. Nf3 Bd7 7. O-O Qc8 8. Re1
Bh3 9. Bh1 Bg4 10. Be3 Re8 11. Qd2 e5 12. dxe5 dxe5 13. Rad1 Nbd7 14. Ng5 Bf5
15. h3 Nf8 16. g4 Bd7 17. Nd5 Nxd5 18. Qxd5 c6 19. Qxf7+ Kh8 20. b3 h6 21. Ne4
Be6 22. Qf3 Qc7 23. Qg3 Red8 24. Qh4 Kh7 25. Bxh6 Bxh6 26. g5 Rxd1 27. Qxh6+ Kg8
28. Rxd1 Rd8 29. Rxd8 Qxd8 30. Bf3 Bf5 31. Nf6+ Kf7 32. e4 Be6 33. Qh8 Qd4 34.
Qg8+ Ke7 35. Qg7+ Bf7 36. Ng4 Ne6 37. Qf6+ Ke8 38. Nxe5 Bg8 39. Qxg6+ 1-0

[Event "Corsica Masters 2011"]
[Site "Bastia FRA"]
[Date "2011.10.28"]
[Round "9.9"]
[White "Dimitrov, Radoslav"]
[Black "Inants, Aghasi"]
[Result "1/2-1/2"]
[WhiteTitle "IM"]
[WhiteElo "2424"]
[BlackElo "2288"]
[WhiteFideId "2908549"]
[BlackFideId "13303295"]
[EventDate "2011.10.22"]

1. c4 e6 2. Nc3 d5 3. e3 Nf6 4. Nf3 c5 5. cxd5 exd5 6. d4 Nc6 7. Bb5 a6 8. Bxc6+
bxc6 9. dxc5 Bxc5 10. Qa4 Qc7 11. O-O O-O 12. e4 Be6 13. exd5 Nxd5 14. Ne4 Be7
15. Bg5 Rfb8 16. Bxe7 Nxe7 17. b3 a5 18. Rfe1 Rb4 19. Qa3 Bd5 20. Nfd2 Qf4 21.
g3 Qh6 22. Rad1 f5 23. Nc3 Ng6 24. Nxd5 cxd5 25. Nf3 Qh3 26. Rd3 Nh4 27. Nxh4
Rxh4 28. gxh4 Qxd3 29. Qa4 h6 30. Qc6 Ra6 31. Qc8+ Kh7 32. h5 Rf6 33. Kg2 Qd4
34. h3 Qd2 35. Re8 Qg5+ 36. Kh2 Qf4+ 37. Kh1 Qf3+ 38. Kg1 Qxh5 39. Rh8+ Kg6 40.
Qe8+ Rf7 41. Rf8 Qg5+ 42. Kf1 Qc1+ 43. Kg2 Qg5+ 44. Kf3 Qf6 45. h4 h5 46. a3 Qe7
47. Qxf7+ Qxf7 48. Rxf7 Kxf7 49. b4 axb4 50. axb4 Ke7 51. Ke3 g5 52. hxg5 h4 53.
b5 h3 54. Kf3 d4 55. b6 d3 56. b7 d2 57. Ke2 h2 58. b8=Q d1=Q+ 59. Kxd1 h1=Q+
60. Kd2 Qd5+ 61. Kc3 Qc5+ 62. Kb3 Qd5+ 63. Ka3 Qa5+ 64. Kb3 Qd5+ 65. Kb4 Qd4+
66. Ka5 Qa1+ 67. Kb6 Qb2+ 68. Kc7 Qe5+ 69. Kb7 Qd5+ 70. Kb6 Qb3+ 71. Ka7 Qa2+
72. Kb7 Qd5+ 73. Ka7 Qa2+ 74. Kb7 Qd5+ 1/2-1/2

[Event "Corsica Masters 2011"]
[Site "Bastia FRA"]
[Date "2011.10.28"]
[Round "9.10"]
[White "Mullon, Jean-Baptiste"]
[Black "Kirk, Ezra"]
[Result "1-0"]
[WhiteTitle "IM"]
[WhiteElo "2379"]
[BlackElo "2122"]
[WhiteFideId "613606"]
[BlackFideId "600067"]
[EventDate "2011.10.22"]

1. e4 c5 2. Nf3 Nc6 3. Bb5 g6 4. O-O Bg7 5. c3 Nf6 6. e5 Nd5 7. d4 cxd4 8. cxd4
O-O 9. Nc3 Nc7 10. Re1 Nxb5 11. Nxb5 a6 12. Nc3 d5 13. h3 Qa5 14. Bg5 Rd8 15.
Qd2 Bf5 16. Bh6 Rac8 17. g4 Be6 18. a3 Qb6 19. Bxg7 Kxg7 20. b4 a5 21. b5 Na7
22. a4 Rc4 23. Ne2 h6 24. Qf4 Rdc8 25. Ra3 Qc7 26. Kg2 Rc2 27. Ng3 Qd7 28. Nh4
Kh7 29. Nhf5 gxf5 30. gxf5 Rg8 31. fxe6 Qxe6 32. Rf3 Rg7 33. Kh2 Qg6 34. Rg1 Qg5
35. Qxg5 Rxg5 36. Rxf7+ Kg6 37. Rxe7 Rxf2+ 38. Rg2 Rf7 39. Rxf7 Kxf7 40. Rf2+
Kg8 41. Rf6 1-0